| 000 | 01632nam a22002777a 4500 | ||
|---|---|---|---|
| 001 | 1579 | ||
| 003 | FISKH | ||
| 005 | 20251127120636.0 | ||
| 008 | 230907b cb ||||| |||| 00| 0 khr d | ||
| 020 | _a9789995054991 | ||
| 040 |
_aFISKH _beng _cFISKH _dFISKH |
||
| 082 | _a363.12 | ||
| 100 | _aKohler, Pierre | ||
| 245 |
_aគ្រោះមហន្តរាយធម្មជាតិ / _cនិពន្ធដោយ Pierre Kohler |
||
| 250 | _aបោះពុម្ពលើកទី៥ ខែវិច្ឆិកា ឆ្នាំ២០២២ | ||
| 260 |
_aPhnom Penh : _bSipar, _c2022. |
||
| 300 |
_a48 pages : _bcolor illustrations ; _c27 cm |
||
| 490 | _aខ្ញុំចង់ដឹង | ||
| 505 | _aZ' | ||
| 520 | _aគ្រោះមហន្តរាយធម្មជាតិ គឺជាសៀវភៅឯកសារស្តីពីហានិភ័យនៃបរិស្ថាន ដែលនាំមកនូវគ្រោះមហន្តរាយធម្មជាតិដល់មនុស្ស រួមមានព្រះអាទិត្យ ព្យុះ ទឹកជំនន់ គ្រោះរាំងស្ងួត ការរញ្ជួយដី និងគ្រោះមហន្តរាយផ្សេងៗទៀត។ | ||
| 520 | _aNatural Disasters is a documentary book about risk of environment which bring natural disasters to human including the Sun, storm, flood, drought, earthquake and other disasters. | ||
| 521 | 8 |
_a1000
_bLexile estimate |
|
| 521 | 8 |
_aZ'
_bRaz-Plus |
|
| 700 |
_aRatha, Ouk _eillustrator |
||
| 942 |
_2ddc _cBK _n0 |
||
| 999 |
_c1579 _d1579 |
||